|
|
|
|
| LEADER |
00000cam a2200000 7i4500 |
| 001 |
0000053765 |
| 005 |
20151026.0 |
| 008 |
151026 |
| 020 |
|
|
|a 9780316181938
|
| 090 |
0 |
0 |
|a 793.73
|b STE
|
| 100 |
1 |
|
|a Stewart, Trenton Lee
|
| 245 |
1 |
4 |
|a The mysterious Benedict society :
|b Mr. Benedict's book of perplexing puzzles, elusive enigmas, and curios conundrums
|c Trenton Lee Stewart
|
| 260 |
|
|
|a NY :
|b Hachette Book Group ,
|c 2011
|
| 650 |
|
0 |
|a Amusements
|x Juvenile literature
|
| 650 |
|
0 |
|a Puzzles
|x Fiction
|
| 650 |
|
0 |
|a Riddles
|x Fiction
|
| 999 |
|
|
|a 0001349047
|b Book
|c Adult Collection
|e Perbadanan Perpustakaan Awam Johor
|